Lego Co-Branding Quiz (Schwer) - Statistiken

Allgemein
  • Dieses Quiz wurde 48 mal gespielt
  • Das Durchschnittsergebnis liegt bei 6 aus 15
Antwortstatistiken
Hint Antwort % Korrekt
Fast-Food Kette (1983-2019) Mc Donalds
93%
Sportatikelhersteller (2000-2021) Adidas
90%
Deutscher Automobilhersteller (1961-2022) Mercedes
88%
Bundesbehörde für Raumfahrt (1990-2021) NASA
88%
Mineralöl- und Erdgasunternehmen (1966-2021) Shell
73%
Tele­kommunikationsunternehmen (2000) Telekom
66%
Containerschiff-Reederei (1970-2014) Maersk
34%
Marke eines Mineralölkonzerns (Tankstellen) (1955-1966) Esso
29%
Dachfenster (1983-1996) Velux
22%
Schwedische Reederei, größtes Fährunternehmen (1991-1999) Stena
7%
Niederländischer Verkehrsclub (1982-1996) ANWB
2%
Haushaltsgeräte und Gesundheitstechnologie (1956-1998) Philips
2%
Lebensmittelunternehmen, Sitz in Paris (1980-1998) Danone
0%
Landmaschinenhersteller (1951-2018) Massey Ferguson
0%
Zusammenschluss von Händlern zu einer Handelskette (1958) Spar
0%
Keine übereinstimmenden Quizze gefunden
Verteilung der Resultate
Anzahl Personen mit jedem Resultat
Perzentil nach korrekt beantworteten Fragen
Ihre Resultats-Entwicklung
Sie haben dieses Quiz noch nicht gespielt